LEADER 02398nam 22004933u 450 001 9910457357403321 005 20210114085625.0 010 $a1-282-49130-X 010 $a9786612491306 010 $a1-4443-2065-3 035 $a(CKB)2550000000006610 035 $a(EBL)480480 035 $a(OCoLC)593240069 035 $a(MiAaPQ)EBC480480 035 $a(EXLCZ)992550000000006610 100 $a20131014d2010|||| u|| | 101 0 $aeng 135 $aur|n|---||||| 200 10$aCultural Studies$b[electronic resource] $eA Practical Introduction 210 $aHoboken $cWiley$d2010 215 $a1 online resource (211 p.) 300 $aDescription based upon print version of record. 311 $a1-4051-7049-2 327 $aCULTURAL STUDIES: A PRACTICAL INTRODUCTION; Contents; Preface; Acknowledgments; 1: Policy and Industry; 2: Place, Space, and Geography; 3: Gender and Sexuality; 4: Ideologies; 5: Rhetoric; 6: Ethnicity; 7: Identity, Lifestyle, and Subculture; 8: Consumer Culture and Fashion Studies; 9: Music; 10: Media Studies; 11: Visual Culture; 12: Audience, Performance, and Celebrity; 13: Bodies and Things; 14: Transnationality, Globalization, and Postcoloniality; Index 330 $aThis hands-on survey introduces students to the diverse fields that comprise cultural studies, from visual culture to popular music and new media. It can be used as a standalone text or is the perfect companion volume to Ryan's Cultural Studies: An Anthology.Provides a comprehensive overview of the field, from cyberculture and digital media to fashion and new formulations of gender identityIncludes student exercises and activities for each chapterTeaches cultural analysis through practical examples and applicationGives students across disciplines the tools to become 606 $aCulture - Study and teaching 606 $aCulture -- Study and teaching 606 $aPopular culture 606 $aPopular culture 608 $aElectronic books. 615 4$aCulture - Study and teaching. 615 4$aCulture -- Study and teaching. 615 4$aPopular culture. 615 4$aPopular culture. 676 $a306 676 $a306.071 700 $aRyan$b Michael$048612 801 0$bAU-PeEL 801 1$bAU-PeEL 801 2$bAU-PeEL 906 $aBOOK 912 $a9910457357403321 996 $aCultural Studies$91948097 997 $aUNINA LEADER 03303 am 2200685 n 450 001 9910416465303321 005 20200129 010 $a2-8107-1007-4 024 7 $a10.4000/books.pumi.35986 035 $a(CKB)5590000000001618 035 $a(FrMaCLE)OB-pumi-35986 035 $a(oapen)https://directory.doabooks.org/handle/20.500.12854/44851 035 $a(PPN)24972085X 035 $a(EXLCZ)995590000000001618 100 $a20200901j|||||||| ||| 0 101 0 $afre 135 $auu||||||m|||| 181 $ctxt$2rdacontent 182 $cc$2rdamedia 183 $acr$2rdacarrier 200 10$aDestins d?étoffes $eUsages, ravaudages et réemplois des textiles sacrés (XIVe - XXe siècle) /$fChristine Aribaud 210 $aToulouse $cPresses universitaires du Midi$d2020 215 $a1 online resource (168 p.) 311 $a2-912025-22-2 330 $aOrganisées par l?Association Française pour l?Étude du Textiles (AFET) et l?axe Religion ? Culture ? Pouvoir du Laboratoire de recherche FRAMESPA (Université Toulouse 2), ces journées d?étude (Toulouse, 1999) ont été consacrées à l?ob­servation et l?analyse des pratiques du réemploi et du ravaudage, aussi fréquentes que reconnues dans l?histoire des textiles du Moyen Âge à nos jours. Le contexte dévotionnel et liturgique dans lequel renaissent certains textiles à une seconde vie pose des problèmes importants : le passage du profane au sacré et vice versa, la pérennité de leurs usages primitifs, dont les traces sont plus ou moins visibles ou identi­fiables, leur sacralisation et, inévitablement leur profanation. Les auteurs, anthropologues, archéologues, conservateurs de musées, his­toriens, historiens de l?art ou restaurateurs se sont interrogés sur les rai­sons de ces procédés, sur leurs enjeux, et le simple fait que l?Église catholique ait eu à statuer régulièrement sur ces réemplois en signale l?importance et prouve que la question dépasse très largement des pro­blèmes de nature couturière voire d?économie domestique. 606 $aArts & Humanities 606 $aMedieval & Renaissance Studies 606 $atextile 606 $areligion 606 $aprofane 606 $asacré 610 $aprofane 610 $atextile 610 $asacré 610 $areligion 615 4$aArts & Humanities 615 4$aMedieval & Renaissance Studies 615 4$atextile 615 4$areligion 615 4$aprofane 615 4$asacré 700 $aAribaud$b Christine$01296800 701 $aAlbert-Llorca$b Marlène$01303260 701 $aAribaud$b Christine$01296800 701 $aBédat$b Isabelle$01328277 701 $aBerthod$b Bernard$0519086 701 $aDesrosiers$b Sophie$01328278 701 $aFonquernie$b Laurent$01328279 701 $aGirard$b Alain$0101918 701 $aJubal$b Isabelle$01328280 701 $aLaurent$b Françoise$0422726 701 $aOzoline$b Anastasia$01328281 701 $aPiponnier$b Françoise$0399455 701 $aSire$b Marie-Anne$01328282 701 $aValantin$b Florence$01328283 801 0$bFR-FrMaCLE 906 $aBOOK 912 $a9910416465303321 996 $aDestins d?étoffes$93038463 997 $aUNINA LEADER 01993nas 2200733-a 450 001 996251321903316 005 20230922200140.0 011 $a1477-0989 035 $a(OCoLC)42422981 035 $a(CKB)954925583203 035 $a(CONSER)--2008268047 035 $a(MiAaPQ)34099 035 $a(DE-599)ZDB2031461-9 035 $a(EXLCZ)99954925583203 100 $a19990923a19949999 s-- - 101 0 $aeng 135 $aurmnu|||||||| 181 $ctxt$2rdacontent 182 $cc$2rdamedia 183 $acr$2rdacarrier 200 10$aNursing ethics 210 $a[London] $cEdward Arnold Pub 215 $a1 online resource 300 $aRefereed/Peer-reviewed 300 $aPublished: Sage, 2006- 311 1 $a0969-7330 531 0 $aNURS ETHICS 531 0 $aNURS. ETHICS 606 $aNursing ethics$vPeriodicals 606 $aNursing ethics 606 $aEthics, Medical 606 $aEthics, Nursing 606 $aInfirmières$xDéontologie$vPériodiques 606 $aÉthique médicale 606 $aInfirmières$xDéontologie 606 $aBioethics$2ebps 606 $aNursing$2ebps 606 $aNursing ethics$2fast$3(OCoLC)fst01041889 606 $aVerpleegkunde$2gtt 606 $aEthiek$2gtt 608 $aFulltext. 608 $aInternet Resources. 608 $aPeriodicals. 608 $aPeriodicals.$2fast 608 $aPeriodicals.$2lcgft 610 $aHealth and social care 615 0$aNursing ethics 615 0$aNursing ethics. 615 12$aEthics, Medical 615 12$aEthics, Nursing 615 6$aInfirmières$xDéontologie 615 6$aÉthique médicale. 615 6$aInfirmières$xDéontologie. 615 7$aBioethics. 615 7$aNursing. 615 7$aNursing ethics. 615 17$aVerpleegkunde. 615 17$aEthiek. 676 $a610.7301 676 $a174.2 906 $aJOURNAL 912 $a996251321903316 996 $aNursing ethics$91935646 997 $aUNISA